000 00846nam a2200253 a 4500
001 53058
003 BD-RjUL
005 20211209075912.0
008 161002s2003 us a b i001 0 eng
020 _a0821353799
035 _a(BD-RjUL)53178
040 _aDLC
_cDLC
_dDLC
_beng
041 _aeng
082 0 0 _a363.60685
_223
_bPRI 2003
245 0 2 _aA primer on efficiency measurement for utilities and transport regulators /
_cTim Coelli ... [et al.].
260 _aWashington, D.C. :
_bWorld Bank,
_c2003.
300 _axii, 134 p. :
_bill. ;
_c24 cm.
490 _aWBI development studies
504 _aIncludes bibliographical references and index.
650 0 _aInfrastructure (Economics)
_xGovernment policy.
_9148116
650 0 _aInfrastructure (Economics)
_xEvaluation.
_9158576
700 1 _aCoelli, Tim.
_9158577
942 _2ddc
_cBK
999 _c53058
_d53058